Up the infinite corridor : MIT and the technical imagination
An inside look at the engineering profession discusses the current research projects and the nerd culture of Massachusetts Institute of Technology, allowing readers to admire and appreciate the pioneering work of these all-too-often ridiculed scientists
שמור ב:
| מחבר ראשי: | |
|---|---|
| פורמט: | ספר |
| שפה: | Undetermined |
| יצא לאור: |
Reading (Massachusetts)
Addison-Wesley Publishing Company
1993
|
| נושאים: | |
| תגים: |
הוספת תג
אין תגיות, היה/י הראשונ/ה לתייג את הרשומה!
|
| Thư viện lưu trữ: | Trung tâm Học liệu Trường Đại học Cần Thơ |
|---|
| LEADER | 00903nam a2200229Ia 4500 | ||
|---|---|---|---|
| 001 | CTU_219085 | ||
| 008 | 210402s9999 xx 000 0 und d | ||
| 082 | |a 620 | ||
| 082 | |b H198 | ||
| 100 | |a Hapgood, Fred | ||
| 245 | 0 | |a Up the infinite corridor : | |
| 245 | 0 | |b MIT and the technical imagination | |
| 245 | 0 | |c Fred Hapgood | |
| 260 | |a Reading (Massachusetts) | ||
| 260 | |b Addison-Wesley Publishing Company | ||
| 260 | |c 1993 | ||
| 520 | |a An inside look at the engineering profession discusses the current research projects and the nerd culture of Massachusetts Institute of Technology, allowing readers to admire and appreciate the pioneering work of these all-too-often ridiculed scientists | ||
| 650 | |a Engineering,Kỹ nghệ | ||
| 650 | |x History,Lịch sử | ||
| 650 | |z United States,Hoa Kỳ | ||
| 904 | |i Nguyên | ||
| 980 | |a Trung tâm Học liệu Trường Đại học Cần Thơ | ||